| 000 | 00912 a2200181 4500 | ||
|---|---|---|---|
| 003 | Nust | ||
| 005 | 20221024134452.0 | ||
| 040 | _cNust | ||
| 082 | _a621.3,GEN | ||
| 100 |
_aKemp, Philip _941132 |
||
| 245 |
_aGeneral electrical engineering _ba comprehensive introduction for students, apprentices, and all connected with the electrical engineering industry / _cPhilip Kemp |
||
| 260 |
_aOdhams _bLondon _c1947 |
||
| 300 | _a448:p | ||
| 505 | _aElectricity Explained (Page-4) Simple Apparatus and Measurements (Page-41), Generation of Power (Page-81), Translation Work(Page-111), Installation Work (Page-164), Electrical Motors (Page-216), Utilization of Electricity (Page-253), Application of Electricity (Page-309), Telegraphy and Telephony (Page-353), Radio Communication and Television (Page-367). | ||
| 600 |
_aPhilip kemp _9101265 |
||
| 650 |
_aGeneral electrical engineering _9101266 |
||
| 942 |
_2ddc _cBK |
||
| 999 |
_c180285 _d180285 |
||